| 000 | 00902cam a22002777a 4500 | ||
|---|---|---|---|
| 003 | CHAP | ||
| 005 | 20220817041309.0 | ||
| 008 | 971013s1968 r 00010 d | ||
| 010 | _a10648 | ||
| 011 | _a11620 | ||
| 035 | _a10859 | ||
| 040 | _cCHAP | ||
| 082 |
_a595.764 _bB3 |
||
| 100 | 0 | 0 |
_aBaker, Charles W. _99531 |
| 245 | 0 | _aLarval taxonomy of the Troginae in North America with notes of biologies and life histories (Coleoptera: Scarabaeidae) | |
| 260 |
_aWashington : _bSmithsonian Institution, _c1968 |
||
| 300 |
_a79 p. _b: ilus |
||
| 490 | 0 |
_aU.S. National Museum Bulletin _v; 279 |
|
| 590 |
_aBATCH-UPD _b10 _c20130110 _lUCH01 _h2230 |
||
| 590 |
_aCONVERSION _b10 _c20130109 _lUCH01 _h1307 |
||
| 650 | 1 | 4 |
_aTrogiinae. _9115261 |
| 830 | 0 |
_aU.S. National Museum Bulletin _v; 279 |
|
| 901 | _aBK | ||
| 942 | _cLIBRO | ||
| 949 |
_a595.764 B3 _bBC _cLIBRO _d33724000369104 _eLIBRO _h35400 _i10859 _si |
||
| 999 |
_c10648 _d10648 |
||